Bible - Livres du Nouveau Testament - Mort subite - Statistiques

Statistiques générales
  • Ce quiz a été pris 810 fois
  • Le résultat moyen est 9 sur 14
Answers on the Grid
Answers color-coded by a green-red scale on the quiz's grid according to % correct below.
Timothée
Zacharie
Philémon
Tobie
Judith
Esdras
Jude
Galates
Baruch
Hébreux
Jérémie
Sagesse
Apocalypse
Matthieu
Colossiens
Jonas
Néhémie
Michée
Tite
Ephésiens
Chroniques
Josué
Marc
Jean
Ruth
Luc
Malachie
Pierre
 
Statistiques - réponses
Réponse % Correct
Luc
83%
Jean
81%
Marc
80%
Matthieu
78%
Apocalypse
77%
Pierre
66%
Timothée
66%
Ephésiens
62%
Colossiens
60%
Galates
56%
Hébreux
54%
Tite
44%
Jude
43%
Philémon
40%
Aucun quiz correspondant
Distribution des résultats
% des personnes avec chaque résultat
Percentile par nombre de réponses
Votre historique - résultats
Vous n’avez pas pris ce quiz